| 000 | 00458nam a2200193Ia 4500 | ||
|---|---|---|---|
| 008 | 180207s9999 xx 000 0 und d | ||
| 020 | _a9780394806228 | ||
| 050 | _bD756 1970 | ||
| 100 | _aDr. Seuss. | ||
| 245 | _aMr. Brown can moo! : | ||
| 245 | _bcan you? / | ||
| 245 | _cDr. Seuss. | ||
| 260 | _aNew York : | ||
| 260 | _bRandom House, Inc., | ||
| 260 | _c1970 | ||
| 300 | _aunpaged : | ||
| 300 | _bcolor illustration ; | ||
| 440 | _aDr. Seuss. | ||
| 999 |
_c355212 _d355212 |
||